| 000 | 00475nam a2200145 i 4500 | ||
|---|---|---|---|
| 001 | 21388 | ||
| 003 | ES-MaACL | ||
| 007 | t| | ||
| 008 | 021125s1975 sp ||||1| spa d | ||
| 245 | 0 | 0 | _aLa agricultura espaƱola ante los nuevos problemas planteados a la agricultura mundial. |
| 260 |
_a[Madrid : _bInstituto de Estudios Agro-Sociales, _c1975] |
||
| 300 |
_a245 p. ; _c24 cm. |
||
| 710 | 2 |
_aInstituto de Estudios Agro-Sociales. _94883 |
|
| 852 |
_aES-MaACL _jE-8552 _bR.92986 |
||
| 999 |
_c21388 _d21388 |
||